Market leader (Record no. 2438)
[ view plain ]
| 000 -LEADER | |
|---|---|
| fixed length control field | 00835nmm a2200241 ar4500 |
| 001 - CONTROL NUMBER | |
| control field | 2440 |
| 005 - DATE AND TIME OF LATEST TRANSACTION | |
| control field | 20221127090435.0 |
| 006 - FIXED-LENGTH DATA ELEMENTS--ADDITIONAL MATERIAL CHARACTERISTICS | |
| fixed length control field | m b |
| 007 - PHYSICAL DESCRIPTION FIXED FIELD--GENERAL INFORMATION | |
| fixed length control field | cz cuu|||a|uuu |
| 008 - FIXED-LENGTH DATA ELEMENTS--GENERAL INFORMATION | |
| fixed length control field | 110202 xxu ba eng d |
| 020 ## - INTERNATIONAL STANDARD BOOK NUMBER | |
| International Standard Book Number | 0582895588 : |
| Terms of availability | SR177.00 |
| 082 00 - DEWEY DECIMAL CLASSIFICATION NUMBER | |
| Classification number | 428.2402465 |
| Item number | D852 2006 |
| 100 1# - MAIN ENTRY--PERSONAL NAME | |
| Personal name | Dubicka, Iwonna. |
| 245 10 - TITLE STATEMENT | |
| Title | Market leader |
| Medium | [electronic resource] : |
| Remainder of title | advanced business English course book CDs / |
| Statement of responsibility, etc. | Iwonna Dubicka, Margaret O'Keeffe. |
| 260 ## - PUBLICATION, DISTRIBUTION, ETC. | |
| Place of publication, distribution, etc. | Harlow, England : |
| Name of publisher, distributor, etc. | Pearson/Financial Times, |
| Date of publication, distribution, etc. | 2006. |
| 300 ## - PHYSICAL DESCRIPTION | |
| Extent | 2 CD-ROMs ; |
| Dimensions | 4 3/4 in. |
| 500 ## - GENERAL NOTE | |
| General note | Title from container. |
| 505 0# - FORMATTED CONTENTS NOTE | |
| Formatted contents note | CD1: Units 1-7 -- CD2 : Unites 8-12. |
| 650 #4 - SUBJECT ADDED ENTRY--TOPICAL TERM | |
| Topical term or geographic name entry element | English language |
| General subdivision | Business English. |
| 650 #4 - SUBJECT ADDED ENTRY--TOPICAL TERM | |
| Topical term or geographic name entry element | English language |
| Form subdivision | Textbooks. |
| 650 #4 - SUBJECT ADDED ENTRY--TOPICAL TERM | |
| Topical term or geographic name entry element | English language |
| General subdivision | Grammar. |
| 700 0# - ADDED ENTRY--PERSONAL NAME | |
| Personal name | O'Keeffe, Margaret, |
| Relator term | jt. auth. |
| Withdrawn status | Lost status | Source of classification or shelving scheme | Damaged status | Not for loan | Home library | Current library | Date acquired | Total Checkouts | Full call number | Barcode | Date last seen | Copy number | Price effective from | Koha item type |
|---|---|---|---|---|---|---|---|---|---|---|---|---|---|---|
| 11/27/2022 | 428.2402465 D852 2006 | 1000000009650 | 11/27/2022 | C1 | 11/27/2022 | CD |
